東京都多摩地域の大学 - Statistics

General Stats
  • This quiz has been taken 94 times
  • The average score is 17 of 54
Answer Stats
Answer % Correct
中央大学
95%
法政大学
86%
帝京大学
78%
明星大学
77%
一橋大学
76%
東京都立大学
71%
東京農工大学
66%
東京学芸大学
59%
多摩美術大学
59%
電気通信大学
58%
東京外国語大学
57%
亜細亜大学
53%
国士舘大学
49%
創価大学
48%
東京経済大学
46%
武蔵野大学
46%
成蹊大学
43%
多摩大学
43%
武蔵野美術大学
43%
玉川大学
42%
拓殖大学
41%
国立音楽大学
41%
桜美林大学
39%
津田塾大学
37%
国際基督教大学
37%
工学院大学
34%
東京工科大学
33%
杏林大学
27%
大妻女子大学
25%
和光大学
20%
東京薬科大学
20%
白百合女子大学
19%
嘉悦大学
16%
明治薬科大学
15%
東京家政学院大学
14%
東京女子体育大学
13%
昭和薬科大学
11%
東京造形大学
10%
日本医科大学
9%
白梅学園大学
8%
日本文化大学
8%
東京慈恵会医科大学
6%
実践女子大学
6%
駒沢女子大学
6%
日本獣医生命科学大学
6%
東京純心大学
6%
桐朋学園大学
6%
ヤマザキ動物看護大学
5%
東京医療学院大学
5%
ルーテル学院大学
5%
東京神学大学
5%
東京医療保健大学
4%
日本社会事業大学
4%
杉野服飾大学
4%
No matching quizzes found
Score Distribution
Percent of People with Each Score
Percentile by Number Answered
Your Score History
You have not taken this quiz